<?xml version="1.0" encoding="UTF-8"?>
<record
    xmlns:xsi="http://www.w3.org/2001/XMLSchema-instance"
    xsi:schemaLocation="http://www.loc.gov/MARC21/slim http://www.loc.gov/standards/marcxml/schema/MARC21slim.xsd"
    xmlns="http://www.loc.gov/MARC21/slim">

  <leader>03282nam a2200361 i 4500</leader>
  <controlfield tag="003">DO-SdBNP</controlfield>
  <controlfield tag="005">20250718113111.0</controlfield>
  <controlfield tag="007">ta</controlfield>
  <controlfield tag="008">250717b2014    dr c|||| |||| 00| 0 spa d</controlfield>
  <datafield tag="020" ind1=" " ind2=" ">
    <subfield code="z">9789945583700</subfield>
  </datafield>
  <datafield tag="040" ind1=" " ind2=" ">
    <subfield code="a">DO-SdBNP</subfield>
    <subfield code="b">spa</subfield>
    <subfield code="c">BNPHU</subfield>
    <subfield code="e">rda</subfield>
  </datafield>
  <datafield tag="041" ind1=" " ind2=" ">
    <subfield code="a">spa</subfield>
  </datafield>
  <datafield tag="082" ind1=" " ind2="4">
    <subfield code="a">923.27293</subfield>
    <subfield code="b">D812G 2014</subfield>
    <subfield code="2">22</subfield>
  </datafield>
  <datafield tag="100" ind1="1" ind2=" ">
    <subfield code="a">Grimaldi Sili&#xE9;, Eleanor, </subfield>
    <subfield code="d">1948-</subfield>
    <subfield code="e">autor</subfield>
    <subfield code="4">aut.</subfield>
    <subfield code="9">85713</subfield>
  </datafield>
  <datafield tag="245" ind1="1" ind2="0">
    <subfield code="a">Duarte, S&#xE1;nchez y Mella :</subfield>
    <subfield code="b">vistos por una educadora /</subfield>
    <subfield code="c">Eleanor Grimaldi Sili&#xE9; ; pr&#xF3;logo, Mariano Lebr&#xF3;n Savi&#xF1;&#xF3;n.</subfield>
  </datafield>
  <datafield tag="250" ind1=" " ind2=" ">
    <subfield code="a">Primera edici&#xF3;n </subfield>
  </datafield>
  <datafield tag="264" ind1=" " ind2="4">
    <subfield code="a">Santo Domingo, Rep&#xFA;blica Dominicana :  </subfield>
    <subfield code="b">Editorial Santuario,</subfield>
    <subfield code="c">&#xA9;2014.</subfield>
  </datafield>
  <datafield tag="300" ind1=" " ind2=" ">
    <subfield code="a">110 p&#xE1;ginas :</subfield>
    <subfield code="b">retratos ;</subfield>
    <subfield code="c">23 cm.</subfield>
  </datafield>
  <datafield tag="336" ind1=" " ind2=" ">
    <subfield code="a">texto</subfield>
    <subfield code="b">txt</subfield>
    <subfield code="2">rdacontent</subfield>
  </datafield>
  <datafield tag="337" ind1=" " ind2=" ">
    <subfield code="a">sin mediaci&#xF3;n</subfield>
    <subfield code="b">n</subfield>
    <subfield code="2">rdamedia</subfield>
  </datafield>
  <datafield tag="338" ind1=" " ind2=" ">
    <subfield code="a">volumen</subfield>
    <subfield code="b">nc</subfield>
    <subfield code="2">rdacarrier</subfield>
  </datafield>
  <datafield tag="500" ind1=" " ind2=" ">
    <subfield code="a">Incluye datos biogr&#xE1;ficos del autor en las solapas</subfield>
  </datafield>
  <datafield tag="504" ind1=" " ind2=" ">
    <subfield code="a">Bibliograf&#xED;a: p&#xE1;ginas 109-110</subfield>
  </datafield>
  <datafield tag="505" ind1="0" ind2=" ">
    <subfield code="a">Presentaci&#xF3;n --</subfield>
    <subfield code="t">Pr&#xF3;logo --</subfield>
    <subfield code="g">Juan Pablo Duarte --</subfield>
    <subfield code="t">Infancia de Duarte --</subfield>
    <subfield code="t">Adolescencia --</subfield>
    <subfield code="t">Pasos que di&#xF3; para lograr la liberaci&#xF3;n de la Patria --</subfield>
    <subfield code="t">Duarte y la reforma --</subfield>
    <subfield code="t">Regreso de Duarte --</subfield>
    <subfield code="t">Duarte sale deportado --</subfield>
    <subfield code="t">Reflexiones sobre algunas cualidades de Juan Pablo Duarte --</subfield>
    <subfield code="t">Vocaci&#xF3;n de maestro --</subfield>
    <subfield code="t">Capacidad de liderazgo --</subfield>
    <subfield code="t">Su vocaci&#xF3;n religiosa --</subfield>
    <subfield code="t">El patriotismo de Duarte --</subfield>
    <subfield code="t">Duarte y su amor a los libros --</subfield>
    <subfield code="t">Nacionalismo de Duarte --</subfield>
    <subfield code="t">Cartas y otros escritos de Duarte --</subfield>
    <subfield code="t">Algunos pensamientos de Duarte --</subfield>
    <subfield code="t">Himno a Juan Pablo Duarte --</subfield>
    <subfield code="t">Poemas de Duarte --</subfield>
    <subfield code="t">Poes&#xED;a a Duarte --</subfield>
    <subfield code="t">A Duarte --</subfield>
    <subfield code="g">Francisco del Rosario S&#xE1;nchez --</subfield>
    <subfield code="t">Francisco del Rosario S&#xE1;nchez --</subfield>
    <subfield code="t">S&#xE1;nchez y el movimiento La Reforma --</subfield>
    <subfield code="t">Planes del protectorado --</subfield>
    <subfield code="t">Continuaci&#xF3;n de las labores patri&#xF3;ticas --</subfield>
    <subfield code="t">Los Trinitarios y su alianza con los conservadores afrancesados --</subfield>
    <subfield code="t">Los Trinitarios hacia la proclamaci&#xF3;n de la independencia --</subfield>
    <subfield code="t">S&#xE1;nchez y la proclamaci&#xF3;n de independencia --</subfield>
    <subfield code="t">Los conservadores continu&#xE1;n en sus planes de protectorado --</subfield>
    <subfield code="t">Regreso de Duarte --</subfield>
    <subfield code="t">Expulsi&#xF3;n de los Trinitarios --</subfield>
    <subfield code="t">Facetas de la vida de Francisco del Rosario S&#xE1;nchez --</subfield>
    <subfield code="t">Infancia y adolescencia --</subfield>
    <subfield code="t">S&#xE1;nchez y algunas decepciones de su vida --</subfield>
    <subfield code="t">Su vida familiar --</subfield>
    <subfield code="t">S&#xE1;nchez y su liderazgo --</subfield>
    <subfield code="t">Ejemplo que leg&#xF3; S&#xE1;nchez a los dominicanos --</subfield>
    <subfield code="t">Opiniones sobre S&#xE1;nchez --</subfield>
    <subfield code="t">Himno a Francisco del Rosario S&#xE1;nchez --</subfield>
    <subfield code="t">Poema a S&#xE1;nchez --</subfield>
    <subfield code="t">Poes&#xED;a de un autor an&#xF3;nimo --</subfield>
    <subfield code="g">Ram&#xF3;n Mat&#xED;as Mella --</subfield>
    <subfield code="t">Ram&#xF3;n Mat&#xED;as Mella --</subfield>
    <subfield code="t">La noche del 27 de febrero. El trabucazo --</subfield>
    <subfield code="t">Mella proclama a Duarte --</subfield>
    <subfield code="t">Golpe de Estado de Santana. Destino de Mella --</subfield>
    <subfield code="t">Mella y la Revoluci&#xF3;n del 1857 --</subfield>
    <subfield code="t">Mella y la anexi&#xF3;n de 1861 --</subfield>
    <subfield code="t">Facetas de la vida de Mella --</subfield>
    <subfield code="t">Mella y las t&#xE1;cticas militares --</subfield>
    <subfield code="t">Himno a Mat&#xED;as Ram&#xF3;n Mella --</subfield>
    <subfield code="t">Poemas dedicadas a Mella --</subfield>
    <subfield code="t">Poes&#xED;a a Mella --</subfield>
    <subfield code="t">Grito de Redenci&#xF3;n --</subfield>
    <subfield code="t">Vocabulario --</subfield>
    <subfield code="g">Bibliograf&#xED;a</subfield>
  </datafield>
  <datafield tag="590" ind1=" " ind2=" ">
    <subfield code="a">Inventariado, 2025/BT</subfield>
  </datafield>
  <datafield tag="600" ind1="1" ind2="0">
    <subfield code="a">Duarte, Juan Pablo,   </subfield>
    <subfield code="d">1813-1876</subfield>
    <subfield code="9">1494</subfield>
  </datafield>
  <datafield tag="600" ind1="1" ind2="0">
    <subfield code="a">S&#xE1;nchez, Francisco del Rosario, </subfield>
    <subfield code="d">1817-1861</subfield>
    <subfield code="9">7226</subfield>
  </datafield>
  <datafield tag="600" ind1="1" ind2="0">
    <subfield code="a">Mella, Mat&#xED;as Ram&#xF3;n, </subfield>
    <subfield code="d">1816-1864</subfield>
    <subfield code="9">1264</subfield>
  </datafield>
  <datafield tag="651" ind1=" " ind2="4">
    <subfield code="a">Rep&#xFA;blica Dominicana</subfield>
    <subfield code="x">Historia </subfield>
    <subfield code="y">1844-1930</subfield>
    <subfield code="9">1009</subfield>
  </datafield>
  <datafield tag="700" ind1="1" ind2=" ">
    <subfield code="a">Lebr&#xF3;n Savi&#xF1;on, Mariano,</subfield>
    <subfield code="d">1922-2014</subfield>
    <subfield code="e">prologuista</subfield>
    <subfield code="4">pr.</subfield>
    <subfield code="9">7227</subfield>
  </datafield>
  <datafield tag="910" ind1=" " ind2=" ">
    <subfield code="a">Btav&#xE1;rez/Validado. Control de Calidad/MAA</subfield>
  </datafield>
  <datafield tag="942" ind1=" " ind2=" ">
    <subfield code="2">ddc</subfield>
    <subfield code="c">LBS1</subfield>
  </datafield>
  <datafield tag="952" ind1=" " ind2=" ">
    <subfield code="0">0</subfield>
    <subfield code="1">0</subfield>
    <subfield code="2">ddc</subfield>
    <subfield code="5">1</subfield>
    <subfield code="7">0</subfield>
    <subfield code="8">PD</subfield>
    <subfield code="a">BNPHU</subfield>
    <subfield code="b">BNPHU</subfield>
    <subfield code="c">HD</subfield>
    <subfield code="d">2025-07-17</subfield>
    <subfield code="e">Donaci&#xF3;n</subfield>
    <subfield code="l">0</subfield>
    <subfield code="o">BNPHU PD 923.27293 D812G 2014</subfield>
    <subfield code="p">2025-6660</subfield>
    <subfield code="r">2025-07-17</subfield>
    <subfield code="w">2025-07-17</subfield>
    <subfield code="y">LBS1</subfield>
  </datafield>
  <datafield tag="999" ind1=" " ind2=" ">
    <subfield code="c">59570</subfield>
    <subfield code="d">59570</subfield>
  </datafield>
</record>
